000 00312nam a22001337a 4500
003 SGT
082 _a616.66
_bC16B
100 _aBRADLEY, F.J.
245 _aCANCER LATENCY PREVENTION AND CURE THROUGH MIASMATICS
260 _aINDIA
_bB.JAIN PUB
_c2016
300 _a92
650 _aHOMOEOPATHIC
942 _2ddc
_cBK
999 _c20464
_d20464